Southville International School and Colleges
Your cart is empty.
  • Cart
  • Lists
    Public lists Eva Luna New books Lux_list list_1
    Your lists Log in to create your own lists
  • Log in to your account
  • Your cookies
  • Search history
Southville International School and Colleges
  • Advanced search
  • Recent comments
  • Most popular
  • Libraries

Log in to your account

Log in with GOOGLE


If you do not have an external account, but do have a local account, you can still log in:

  1. Home
  2. MARC view: Recreational activities of the elderly Aetas in two resettlement areas in Zambales /
Normal view MARC view ISBD view

Recreational activities of the elderly Aetas in two resettlement areas in Zambales / (Record no. 97812)

[ view plain ]
MARC details
000 -LEADER
fixed length control field 00837nam a2200205 a 4500
003 - CONTROL NUMBER IDENTIFIER
control field 0
005 - DATE AND TIME OF LATEST TRANSACTION
control field 20250324123720.0
008 - FIXED-LENGTH DATA ELEMENTS--GENERAL INFORMATION
fixed length control field 071121s19uu xx 00 eng d
050 ## - LIBRARY OF CONGRESS CALL NUMBER
Classification number PHS GN 635.P5
Item number .C967 2007
100 ## - MAIN ENTRY--PERSONAL NAME
Personal name Culalic, Raemund Vier E.
245 ## - TITLE STATEMENT
Title Recreational activities of the elderly Aetas in two resettlement areas in Zambales /
Statement of responsibility, etc Raemund Vier E. Culalic.
260 ## - PUBLICATION, DISTRIBUTION, ETC. (IMPRINT)
Place of publication, distribution, etc Las Piñas City, Philippines :
Name of publisher, distributor, etc Southville International School and Colleges,
Date of publication, distribution, etc 2007.
300 ## - PHYSICAL DESCRIPTION
Extent 59 pages :
Other physical details colored illustrations ;
Dimensions 28 cm.
504 ## - BIBLIOGRAPHY, ETC. NOTE
Bibliography, etc Includes bibliographical references.
650 ## - SUBJECT ADDED ENTRY--TOPICAL TERM
Topical term or geographic name as entry element Aeta (Philippine people)
General subdivision Social life and customs.
650 ## - SUBJECT ADDED ENTRY--TOPICAL TERM
Topical term or geographic name as entry element Older people
General subdivision Recreation.
650 ## - SUBJECT ADDED ENTRY--TOPICAL TERM
Topical term or geographic name as entry element Resettlement
General subdivision Social aspects
Geographic subdivision Philippines.
650 ## - SUBJECT ADDED ENTRY--TOPICAL TERM
Topical term or geographic name as entry element Indigenous peoples
Geographic subdivision Philippines
General subdivision Social conditions.
942 ## - ADDED ENTRY ELEMENTS (KOHA)
Source of classification or shelving scheme Library of Congress Classification
Koha item type PASS
Holdings
Withdrawn status Lost status Source of classification or shelving scheme Damaged status Home library Current library Shelving location Date acquired Source of acquisition Total Checkouts Full call number Barcode Date last seen Price effective from Koha item type
    Library of Congress Classification   Luxembourg Library Luxembourg Library Portfolio Assessment of SISC Students Section 11/21/2007 Donation   PHS GN 635.P5 .C967 2007 P1886 04/08/2014 04/08/2014 PASS

Recreational activities of the elderly Aetas in two resettlement areas in Zambales /

APA

Culalic R. V. E., . (2007). Recreational activities of the elderly Aetas in two resettlement areas in Zambales. Las Piñas City, Philippines: Southville International School and Colleges.

Chicago

Culalic Raemund Vier E, . 2007. Recreational activities of the elderly Aetas in two resettlement areas in Zambales. Las Piñas City, Philippines: Southville International School and Colleges.

Harvard

Culalic R. V. E., . (2007). Recreational activities of the elderly Aetas in two resettlement areas in Zambales. Las Piñas City, Philippines: Southville International School and Colleges.

MLA

Culalic Raemund Vier E, . Recreational activities of the elderly Aetas in two resettlement areas in Zambales. Las Piñas City, Philippines: Southville International School and Colleges. 2007.

  • Print
  • Cite
  • Add to your cart (remove)
  • Save record
    BIBTEX Dublin Core MARCXML MARC (non-Unicode/MARC-8) MARC (Unicode/UTF-8) MARC (Unicode/UTF-8, Standard) MODS (XML) RIS
  • More searches
    Search for this title in:
    Other Libraries (WorldCat) Other Databases (Google Scholar) Online Stores (Bookfinder.com) Open Library (openlibrary.org)

Exporting to Dublin Core...

SOUTHVILLE LIBRARY

Southville International School and Colleges Library

1281 Tropical Ave. Cor. Luxembourg St., BF Homes International, Las Pinas City

Tel. No. 8256374 / 252358 Loc. 117/146

Powered by Koha